000 00844cam a22002897a 4500
003 CHAP
005 20220817042909.0
008 971013s1938 r 00010 d
010 _a59279
011 _a60251
035 _a64411
040 _cCHAP
082 _a972
_bP8
100 0 0 _aPuente, Ramón.
_992912
245 1 3 _aLa dictadura, la revolución y sus hombres
_b: bocetos
260 _aMéxico, D.F. :
_b(s.n.),
_c1938
300 _a374 p.
590 _aBATCH-UPD
_b10
_c20130110
_lUCH01
_h0639
590 _aBATCH-UPD
_b10
_c20130410
_lUCH01
_h0323
590 _aBATCH-UPD
_b10
_c20130914
_lUCH01
_h1826
590 _aCONVERSION
_b10
_c20130109
_lUCH01
_h1332
650 1 4 _aMéxico
_xHistoria.
650 1 4 _aPolíticos mexicanos.
_990723
901 _aBK
942 _cLIBRO
949 _a972 P8
_bBC
_cBPA
_d-140209
_eBPA
_h73489
_i64411
_mD
_si
999 _c59279
_d59279